FOREST products prices 1967-1986 .

Bibliographic Details
Corporate Author: Food and Agriculture Organization of the United Nations (FAO)
Format: Book
Published: Rome : Food and Agriculture Organization of the United Nations , 1988
Series:FAO forestry paper, v. 82
Subjects:

MARC

LEADER 00000cam a2200000 7i4500
001 0000002487
005 20030701.0
020 0 0 |a 9250026730 
090 0 0 |a FAO338.13498   |b FOR 1988 
245 0 0 |a FOREST products prices 1967-1986 .   |l Prix des produits ...   |c prepared by Policy and Planning Service, FAO Forestry Department 
260 0 0 |a Rome :   |b Food and Agriculture Organization of the United Nations ,   |c 1988 
300 |a 229 p. :   |b ill. ;   |c 30 cm. 
440 0 0 |a FAO forestry paper, v. 82 
650 0 0 |a Forest products   |x Prices   |x Statistics 
710 1 1 |a Food and Agriculture Organization of the United Nations (FAO) 
998 |a JPSM 
999 |a 0000004645   |b Monograph   |c Food and Agriculture Organization   |e Default branch